Biblioteca

Bases eclesiológicas de la iglesia Interamericana de Colombia para responder a la migración de venezolanos (Registro nro. 66584)

Detalles MARC
000 -LÍDER
Campo fijo de descripción fija 01958nmm a22003737i 4500
001 - NÚMERO DE CONTROL
Campo de control 768714001
003 - IDENTIFICADOR DEL NÚMERO DE CONTROL
Campo de control CO-MdFUSB
005 - FECHA Y HORA DE LA ULTIMA TRANSACCIÓN
control field 20250731143840.0
007 - CAMPO FIJO DE DESCRIPCIÓN FIJA--INFORMACIÓN GENERAL
Campo fijo de descripción fija cr aa aaaaa
008 - ELEMENTOS DE LONGITUD FIJA -- INFORMACIÓN GENERAL
Campo fijo de descripción fija -- Información general 180403s2020 ck ||||| |||| 00| 0 spa d
040 ## - FUENTE DE CATALOGACIÓN
Agencia de catalogación original CO-MdFUSB
Idioma de catalogación Español
Agencia que realiza la transcripción CO-MdFUSB
Agencia que realiza la modificación CO-MdFUSB
041 ## - CÓDIGO DE IDIOMA
Código de idioma para texto/pista de sonido o título separado spa
043 ## - CÓDIGO DE ÁREA GEOGRÁFICA
Código de área geográfica ck
084 ## - OTRO NUMERO DE CLASIFICACIÓN
Número de clasificación T CD0113
100 ## - ASIENTO PRINCIPAL--NOMBRE PERSONAL
Nombre personal Moncada, Dreyner.
Término relacionador autor
245 0# - TÍTULO
Título del Material Bases eclesiológicas de la iglesia Interamericana de Colombia para responder a la migración de venezolanos
Mención de responsabilidad, etc. / Dreyner Moncada ; asesorado por Andrew Fields
Medio físico [electrónico]
264 #1 - PRODUCTION, PUBLICATION, DISTRIBUTION, MANUFACTURE, AND COPYRIGHT NOTICE
Lugar de procducción, publication, distribution, manufacture Medellín, Colombia :
Nombre del productor, publicador, distribuidor y manofactura FUSBC,
Fecha de producción, distribución, manufactura, o nota de copyright 2020
300 ## - DESCRIPCIÓN FÍSICA
Extensión 1 disco compacto (CD-ROM)
336 ## - TIPO DE CONTENIDO
Fuente rdacontent
Tipo de contenido programa de ordenador
Content type code cop
337 ## - TIPO DE MEDIO
Fuente rdamedia
Tipo de medio informático
Código c
338 ## - TIPO DE SOPORTE
Fuente rdacarrier
rdacarrier disco compacto
Código cd
502 ## - NOTA DE TESIS
Nota de Tesis Trabajo de grado
Tipo de estudio (Teología) --
Nombre de la Institución del grado Fundación Universitaria Seminario Bíblico de Colombia,
Año de graduación 2020
504 ## - NOTA DE BIBLIOGRAFÍA, ETC.
Nota de bibliografía, etc Bibliografía (páginas 61-69)
505 ## - NOTA DE CONTENIDO
Nota de contenido con formato preestablecido Las bases de la missio Dei. -- La tradición wesleyana. -- La tradición pentecostal. -- Propuestas prácticas. -- Conclusiones final.
506 ## - NOTA DE RESTRICCIONES DE ACCESO
Condiciones de acceso Préstamo en sala
520 ## - NOTA DE RESUMEN, ETC.
Nota de sumario, etc. La migración de venezolanos que se ha presentado los últimos años hacia Colombia, ha generado diversos retos para la iglesia cristiana en Colombia, especialmente la iglesia Interamericana (Igleico). Por tal razón, eñ ´resemte trabajo busca que Igleico, especialmente sus iglesias ubicadas en zona de frontero colombo-venezolana, reflexione y mejore su respuesta a la situación de migración venezolana desde sus bases eclesiológicos las cuales son las missio Dei, la tradición Wesleyana y la tradición pentecostal.
535 ## - LOCALIZACIÓN DE ORIGINALES / DUPLICADOS Y NOTAS
Custodian Recurso en línea REPCI
653 ## - TERMINO DE INDIZACION - NO CONTROLADO
Término de indización no controlado Migración
653 ## - TERMINO DE INDIZACION - NO CONTROLADO
Término de indización no controlado Eclesiología
700 ## - ASIENTO SECUNDARIO - NOMBRE PERSONAL
Nombre personal Fields, Andrew Thomas,
Responsabilidad asesor
9 (RLIN) 1466
856 ## - LOCALIZACIÓN Y ACCESO ELECTRÓNICOS
Identificador Uniforme del Recurso https://repositorio.repci.co/handle/123456789/724
Nombre del sitio REPCI
942 ## - TIPO DE MATERIAL (KOHA)
Tipo de Item KOHA Trabajos de Grado
Existencias
Estado de Retirado Estado de Perdido Forma de Clasificación Estado de Dañado No para Préstamo Colección Biblioteca FUSBC Biblioteca de Origen Biblioteca Permanente Ubicación en Estantería Fecha de Adquisición Total de Préstamos Signatura Topográfica Código de Barras Última vez visto Ejemplar/Existencia Url Fecha de Remplazo Tipo de Material Nota Pública
    Dewey Decimal Classification     Trabajos de grado ECLESIOLOGÍA Biblioteca FUSBC Biblioteca FUSBC Recurso en linea 14/08/2020   T CD0113 21275 14/08/2020 Ej. 1 https://repositorio.repci.co/handle/123456789/724 14/08/2020 Trabajos de Grado RECURSO EN REPCI- Seguir el link de acceso

Biblioteca FUSBC | Teléfono: (57+4) 349 88 10 Ext. 141| WhatsApp (+57) 3005338115 
E-mail: biblioteca@unisbc.edu.co | Calle 76 87-14 Robledo Palenque, Medellín, Colombia

Con tecnología Koha